[Event "NOR-ch"]
[Site "Fredrikstad"]
[Date "2003.07.10"]
[Round "7"]
[White "Johannessen, Leif Erlend"]
[Black "Christenson, Flemming"]
[Result "1-0"]
[WhiteElo "2525"]
[BlackElo "2261"]
[PlyCount "57"]
[EventDate "2003.07.04"]
[EventType "tourn"]
[EventRounds "9"]
[EventCountry "NOR"]
[SourceTitle "CBM 095 Extra"]
[Source "ChessBase"]
[SourceDate "2003.09.04"]
[SourceVersion "1"]
[SourceVersionDate "2003.09.04"]
[SourceQuality "1"]

1. Nf3 d5 2. d4 Nf6 3. c4 dxc4 4. e3 e6 5. Bxc4 c5 6. 0-0 a6 7. a4 Nc6 8. Qe2 cxd4 9. Rd1 Be7 10. exd4 0-0 11. Nc3 Nd5 12. Bb3 Ncb4 13. Ne4 b6 14. h4 Bb7 15. h5 h6 16. Ne5 Rc8 17. Bd2 Nc2 18. Bxh6 gxh6 19. Bxc2 f5 20. Nc3 Nxc3 21. bxc3 Qd5 22. f3 Rxc3 23. Ng6 Rf7 24. Bb1 Rc1 25. Rxc1 Qxd4+ 26. Kh1 Qxa1 27. Qxe6 Qa3 28. Rc7 Bxf3 29. Nxe7+ 1-0

[Event "NOR-ch"]
[Site "Fredrikstad"]
[Date "2003.07.09"]
[Round "6"]
[White "Christenson, Flemming"]
[Black "Fyllingen, Roy Harald"]
[Result "1/2-1/2"]
[WhiteElo "2261"]
[BlackElo "2366"]
[PlyCount "83"]
[EventDate "2003.07.04"]
[EventType "tourn"]
[EventRounds "9"]
[EventCountry "NOR"]
[SourceTitle "CBM 095 Extra"]
[Source "ChessBase"]
[SourceDate "2003.09.04"]
[SourceVersion "1"]
[SourceVersionDate "2003.09.04"]
[SourceQuality "1"]

1. d4 Nf6 2. Nf3 e6 3. e3 c5 4. Bd3 Nc6 5. 0-0 a6 6. c4 d5 7. cxd5 exd5 8. dxc5 Bxc5 9. a3 Bg4 10. b4 Bd6 11. Bb2 0-0 12. h3 Bh5 13. Nbd2 Re8 14. Qb1 Bg6 15. Bxg6 hxg6 16. Rd1 a5 17. b5 Na7 18. a4 Nc8 19. Qd3 Nb6 20. Qd4 Rc8 21. Rac1 Rxc1 22. Rxc1 Bb4 23. Bc3 Qc7 24. Nb3 Ba3 25. Bb2 Bxb2 26. Rxc7 Bxd4 27. Nfxd4 Nxa4 28. Rxb7 Ra8 29. Nc6 Ne4 30. Ra7 Rxa7 31. Nxa7 Nd6 32. Nxa5 Kf8 33. Nb3 Ke8 34. Nd4 Kd7 35. Nac6 Nc3 36. Ne5+ Ke8 37. b6 Nb7 38. f4 Na4 39. Kf2 Nxb6 40. Kf3 Nd6 41. g4 Na4 42. h4 1/2-1/2

[Event "NOR-ch"]
[Site "Fredrikstad"]
[Date "2003.07.05"]
[Round "2"]
[White "Christenson, Flemming"]
[Black "Lie, Kjetil A"]
[Result "1-0"]
[WhiteElo "2261"]
[BlackElo "2440"]
[PlyCount "45"]
[EventDate "2003.07.04"]
[EventType "tourn"]
[EventRounds "9"]
[EventCountry "NOR"]
[SourceTitle "CBM 095 Extra"]
[Source "ChessBase"]
[SourceDate "2003.09.04"]
[SourceVersion "1"]
[SourceVersionDate "2003.09.04"]
[SourceQuality "1"]

1. Nf3 g6 2. d4 Nf6 3. Bg5 Bg7 4. Nbd2 0-0 5. e4 d5 6. exd5 Nxd5 7. c3 c5 8. dxc5 Qc7 9. Bc4 Qxc5 10. 0-0 Nb6 11. Bb3 Bf5 12. Re1 Nc6 13. Qe2 Qa5 14. Nc4 Nxc4 15. Qxc4 e5 16. Qh4 Qc7 17. Bh6 Bxh6 18. Qxh6 Kh8 19. Rad1 Bg4 20. Ng5 f6 21. Ne6 Bxe6 22. Bxe6 Rad8 23. Rd7 1-0